000 00449nam a2200193Ia 4500
003 LK-CoDNM
005 20240212112404.0
008 010623t1945 xxu||||| |||| 00| 1 sin d
040 _aLK-CoDNM
_dLK-CoDNM
_eLK-CoDNM
041 _asin
080 _a104
_bR 27
245 _aවීර ලංකා
246 _aVeera Lanka
260 _bEpothikary
_aColombo
_c1945
300 _b14, 21 cm
650 _aKuveni
650 _aWar
942 _cBK
999 _c100645
_d100645